000
00324nam a2200121Ia 4500
008
220204s9999 xx 000 0 und d
020
_a
8170350581
082
_a
330.341.424
_b
SAD
100
_a
Sadhak, H
245
4
_a
The role of entrepreneurs in backward areas
260
_a
Delhi
_b
Daya Publishing House
_c
1989
942
_c
BK
999
_c
42033
_d
42033